LEADER 01316nam0-2200337---450- 001 990009197620403321 005 20100721105456.0 035 $a000919762 035 $aFED01000919762 035 $a(Aleph)000919762FED01 035 $a000919762 100 $a20100614d1982----km-y0itay50------ba 101 0 $aita 102 $aIT 105 $ay-------001yy 200 1 $a<>tubercolosi oggi, a 100 anni dalla scoperta di Roberto Koch$ecorso di aggiornamento, Napoli, 14-15-16-17 giugno 1982$fa cura di A. Blasi ... [et al.] 210 $aNapoli$cEAT$d1982 215 $a455 p.$d25 cm 300 $aIn testa al front.: Organizzazione mondiale della sanita (WHO); Unione internazionale contro la tubercolosi; Federazione italiana contro la tubercolosi e le malattie polmonari sociali; Clinica tisiologica e delle malattie dell'apparato respiratorio, 2. Facolta di medicina e chirurgia della Universita degli studi di Napoli 610 0 $aTubercolosi 676 $a616.995 702 1$aBlasi,$bAntonio 801 0$aIT$bUNINA$gRICA$2UNIMARC 901 $aBK 912 $a990009197620403321 952 $aIG 17 G 30$b343$fDMIGI 952 $a616-002.5 TUB$b618$fDMECM 959 $aDMIGI 959 $aDMECM 996 $aTubercolosi oggi, a 100 anni dalla scoperta di Roberto Koch$9775194 997 $aUNINA LEADER 01647nam2-2200445---450 001 990002925530203316 005 20220516124221.0 010 $a3-7001-3268-9 035 $a000292553 035 $aUSA01000292553 035 $a(ALEPH)000292553USA01 035 $a000292553 100 $a20070515d2004----km-y0itay50------ba 101 $ager 102 $aAT 105 $aa---||||001yy 200 1 $a2. : <> Fruhbronzezeit in Griechenland mit Ausnahme von Kreta$fEva Alram-Stern$gmit Beitragen von Florens Felten ... [et al.] 210 $aWien$cVerlag der Osterreichischen Akademie der Wissenschaften$d2004 215 $a2 volumi (XIX, 1372 p. compless.)$cill.$d24 cm.$e[1] carta geografica 225 2 $aVeroffentlichungen der Mykenischen Kommission$v21 327 1 $a : XIX, 534 p. - : IX, P. 538-1372 410 0$12001$aVeroffentlichungen der Mykenischen Kommission$v21 454 1$12001 461 1$1001000292552$12001$a<> agaische Fruhzeit. 2. Serie 606 0 $aScavi archeologici$yGrecia 676 $a939.1 700 1$aALRAM-STERN,$bEva$0465552 702 1$aFELTEN,$bFlorens 801 0$aIT$bsalbc$gISBD 912 $a990002925530203316 951 $aXI.3.B. 398/2.1$b191907/A L.M.$cXI.3.B.$d00158564 951 $aXI.3.B. 398/2.1a$b191202 L.M.$cXI.3.B.$d00158574 951 $aXI.3.B. 398/2.2$b191907/B L.M.$cXI.3.B.$d00158569 951 $aXI.3.B. 398/2.2a$b191203 L.M.$cXI.3.B.$d00158579 951 $aI SE ALR 1/1$b6830 DBC$cI SE 959 $aBK 969 $aUMA 969 $aDBC 996 $aFruhbronzezeit in Griechenland mit Ausnahme von Kreta$91029498 997 $aUNISA